Mitochondriálna respirácia leukemických buniek
Gespeichert in:
| 1. Verfasser: | |
|---|---|
| Weitere Verfasser: | |
| Format: | Manuskript Buch |
| Sprache: | Slowakisch |
| Schlagworte: | |
| Online-Zugang: | http://is.stuba.sk/zp/portal_zp.pl?podrobnosti=103099 |
| Tags: |
Keine Tags, Fügen Sie das erste Tag hinzu!
|
MARC
| LEADER | 00000ntm a22000003a 4500 | ||
|---|---|---|---|
| 001 | stuzp46942 | ||
| 003 | SK-STU | ||
| 005 | 20160229160114.8 | ||
| 007 | ta | ||
| 008 | 150427s2015----xo-----f-mn---000-0-slo-d | ||
| 040 | |a STU |b slo | ||
| 041 | 0 | |a slo | |
| 100 | 1 | |a Cengelová, Eva |u 043260 |4 aut |U FCHPT Ústav biochémie, výživy a ochrany zdravia |T FCHPT Oddelenie biochémie a mikrobiológie |X 70169 |U C3260 |Y 113 |7 70169 | |
| 242 | 0 | 1 | |a Mitochondrial respiration of leukaemic cells |y eng |
| 245 | 1 | 0 | |a Mitochondriálna respirácia leukemických buniek |
| 650 | 4 | |a mitochondrie |2 slo | |
| 650 | 4 | |a akridíny |2 slo | |
| 650 | 4 | |a L1210 |2 slo | |
| 650 | 4 | |a fotodynamická terapia |2 slo | |
| 650 | 4 | |a OXPHOS |2 slo | |
| 650 | 4 | |a L1210 |2 eng | |
| 650 | 4 | |a mitochondria |2 eng | |
| 650 | 4 | |a OXPHOS |2 eng | |
| 650 | 4 | |a acridines |2 eng | |
| 650 | 4 | |a photodynamic therapy |2 eng | |
| 700 | 1 | |a Paulíková, Helena, |d 1956- |4 ths |X 3915 |7 A000003915 | |
| 856 | 4 | |u http://is.stuba.sk/zp/portal_zp.pl?podrobnosti=103099 | |
| SQL | |a stuzp46942 |b DDP |c SLO |d Mitochondriálna respirácia leukemických buniek |e 70169 |f Cengelová, Eva |g 043260 |h 3915 |i Paulíková, Helena |j 20140610 |k 560 |l 04 |m http://is.stuba.sk/zp/portal_zp.pl?podrobnosti=103099 | ||